Hedging na derivátovom trhu
Význam a podstata hedgingu. Predajný a nákupný hedging. Špekulanti versus hedgeri. Formy hedgingu podľa IAS a US GAAP.
Gespeichert in:
| 1. Verfasser: | |
|---|---|
| Format: | Buchkapitel |
| Sprache: | Slowakisch |
| Schlagworte: | |
| Tags: |
Keine Tags, Fügen Sie das erste Tag hinzu!
|
MARC
| LEADER | 00000nla$a2200000$$$4500 | ||
|---|---|---|---|
| 001 | 0057090 | ||
| 005 | 20231121080736.0 | ||
| 041 | 0 | |a slo | |
| 044 | |a SK | ||
| 245 | 1 | 0 | |a Hedging na derivátovom trhu |c Vladimíra Medveďová |
| 520 | |a Význam a podstata hedgingu. Predajný a nákupný hedging. Špekulanti versus hedgeri. Formy hedgingu podľa IAS a US GAAP. | ||
| 610 | 2 | 0 | |a hedging |
| 610 | 2 | 0 | |a trh finančný |
| 610 | 2 | 0 | |a riziko finančné |
| 610 | 2 | 0 | |a nástroje finančné |
| 610 | 2 | 0 | |a burzovníctvo |
| 610 | 2 | 0 | |a riziko trhové |
| 100 | 1 | |a Medveďová, Vladimíra | |